00685nam a22001937a 450000500170000001000150001702000260003203500150005803700140007308200140008710000180010124501050011926000550022427000890027930000420036850000390041070000210044970000210047020181030114921.0 aENG-124406 c325.00a9789352807109 a EN-107938 bDBAD/PUB. a519.50285 aPandya, Kiran aStatistical analysis in simple steps using R /cby Kiran Pandya; Prashant Joshi [and] Smruti Bulsari aNew DelhibSage Publications India Pvt. Ltd.c2018 aB1/I-1, Mohan Cooperative Industrial Area Mathura Road Post Bag 7bNew Delhie110044 axxiv,307p.(B-1, I-1)c25cm.(Hb)bill. aIt includes bibliography and index aJoshi, Prashant  a Bulsari, Smruti